Hotline elementary : student's book /

Guardado en:
Autor Principal: Hutchinson, Tom
Formato: Libro
Publicado: Estados Unidos de América : Oxford University, 1991
Materias:
Etiquetas: Agregar Etiqueta
Sin Etiquetas, Sea el primero en etiquetar este registro!
LEADER 00707nam a22002175a 4500
001 CEM.cems007517
005 20060214000000.0
008 130507s1991##################000#0#####d
003 CEMS
082 0 4 |a 428.64 
100 1 |a Hutchinson, Tom 
245 1 0 |a Hotline elementary :  |b student's book / 
260 |a Estados Unidos de América :  |b Oxford University,  |c 1991 
300 |a 120 p. 
653 |a C. basico 1994 
653 |a Ingles 
653 |a Ingles 1er. año 
653 |a Ingles-textos 
859 |a CEMS  |b BIB. CEMS - 11 de abril  |h 428.64  |i H974-8  |p 17553.94  |t Ej.1 
859 |a CEMS  |b BIB. CEMS - 11 de abril  |h 428.64  |i H974-8  |p 18266.95  |t Ej.2 
859 |a CEMS  |b BIB. CEMS - 11 de abril  |h 428.64  |i H974-8  |p 21411.01  |t Ej.3